| 000 | 02434nam a2200289Ia 4500 | ||
|---|---|---|---|
| 999 |
_c52703 _d52703 |
||
| 001 | 19728 | ||
| 003 | GE_BSU | ||
| 005 | 20200411194451.0 | ||
| 008 | 181216s2016||||ge |||||||||||||| ||geo|| | ||
| 020 | _a9789941090516 | ||
| 040 | _cGE_BSU | ||
| 041 | _ageo | ||
| 080 | _a929(479.22)+91(479.22) თ-25 | ||
| 245 |
_aთამაზ კიკნაძე : სამეცნიერო მოღვაწეობა და შემოქმედება (1936-1991) = Tamaz Kiknadze : Life and Works : _bკრებული ეძღვნება ქართული გეოგრაფიული სკოლის თვალსაჩინო წარმომადგენელის თამაზ კიკნაძის დაბადებიდან 80 წლისთავს / _cკრებული მოამზადა, ბიბლიოგრაფია და საძიებელი შეადგინა ციური კოჭლაშვილმა ; რედაქტორი პაატა ჯავახიშვილი. |
||
| 264 |
_aთბილისი : _b[გ.გ.], _c2016. |
||
| 300 |
_a96 გვ. ; _bილ. ; _c20 სმ. |
||
| 300 | _bგარეკანზე: თამაზ კიკნაძე არაბიკის მასივზე. რეზიუმე ინგლ. ენაზე. პირთა საძიებელი: გვ. 90-94. | ||
| 300 | _cკრებულს ერთვის პირთა ანბანური საძიებელი. | ||
| 500 | _aგარეკანზე თამაზ კიკნაძე არაბიკის მასივზე | ||
| 501 | _aკრებულს ერთვის პირთა ანბანური საძიებელი : გვ. 90–94 | ||
| 520 | _a რეზიუმე ინგლისურ ენაზე პირთა საძიებელი: გვ. 90-94. | ||
| 653 | _aბიოგრაფიული და მონათესავე გამოკვლევები | ||
| 653 | _aკიკნაძე, თამაზ | ||
| 700 |
_a ჯავახიშვილი, პაატა _eრედაქტორი _97899 |
||
| 710 |
_aსაქართველოს პარლამენტის ეროვნული ბიბიოთეკა _97900 |
||
| 942 |
_cBK _2udc |
||